[Event "DEM U16 2000"]
[Site "Überlingen GER"]
[Date "2000.06.08"]
[Round "7"]
[White "Schaffer, Hendrik"]
[Black "de Wiljes, Jan-Hendrik"]
[Result "1/2-1/2"]
[Termination "normal"]
[Board "6"]
[WhiteElo "2113"]
[BlackElo "1993"]
[PlyCount "120"]
[WhiteFideId "4663080"]
[EventCountry "GER"]
[EventRounds "9"]
[EventType "swiss"]
[EventDate "2000.06.03"]

1. d4 g6 2. c4 Bg7 3. e4 d6 4. Nf3 Nf6 5. Nc3 O-O 6. Be2 c5 7. O-O cxd4 8. Nxd4
Nc6 9. Be3 Bd7 10. Qd2 Nxd4 11. Bxd4 Bc6 12. f3 a5 13. Rfc1 Nd7 14. Be3 Nc5 15.
Rab1 a4 16. b4 axb3 17. axb3 Ra3 18. Bd1 f5 19. b4 Ne6 20. exf5 gxf5 21. Bb3 f4
22. Bf2 Kh8 23. Nb5 Ra8 24. Nd4 Nxd4 25. Bxd4 e5 26. Bf2 Qg5 27. h4 Qh6 28. b5
Be8 29. Rd1 Bg6 30. Qxd6 Bxb1 31. Qxh6 Bxh6 32. Rxb1 Rfd8 33. c5 Rd3 34. Bc4
Rc3 35. Bd5 Rb8 36. Re1 Bf8 37. c6 bxc6 38. Bxc6 Bc5 39. Bxc5 Rxc5 40. Re2 Kg7
41. Kf2 Kf6 42. Rd2 Ke6 43. Bd7+ Kf6 44. Bc6 Rg8 45. Rb2 Rb8 46. Rd2 Ke7 47.
Rd7+ Ke6 48. Rd2 h6 49. Bd7+ Ke7 50. Bc6 Rd8 51. Rxd8 Rc2+ 52. Kg1 Kxd8 53. Kh2
Ke7 54. Kh3 Kf6 55. Kg4 Rxg2+ 56. Kh5 Rb2 57. Kxh6 e4 58. Bxe4 Rxb5 59. Bc6 Re5
60. Bb7 Rb5 1/2-1/2

[Event "DEM U16 2000"]
[Site "Überlingen GER"]
[Date "2000.06.08"]
[Round "7"]
[White "Berrang, Gerritt"]
[Black "Balcerak, Philipp"]
[Result "0-1"]
[Termination "normal"]
[Board "7"]
[WhiteElo "1828"]
[BlackElo "2073"]
[PlyCount "64"]
[BlackFideId "4655036"]
[EventCountry "GER"]
[EventRounds "9"]
[EventType "swiss"]
[EventDate "2000.06.03"]

1. Nf3 Nf6 2. g3 g6 3. Bg2 Bg7 4. O-O O-O 5. d4 d6 6. c4 Nbd7 7. Nc3 e5 8. e3
Re8 9. Qc2 c6 10. b3 a5 11. Bb2 e4 12. Nd2 d5 13. cxd5 cxd5 14. Nb5 Ra6 15. Nb1
Nf8 16. N1c3 h5 17. Rac1 Ne6 18. Na4 Rc6 19. Qd2 Bd7 20. Qe2 Ng5 21. Nc5 Bg4
22. Qd2 Nf3+ 23. Bxf3 Bxf3 24. h3 Rxc5 25. Rxc5 Qd7 26. Kh2 b6 27. Rc2 Qxb5 28.
Re1 Bf8 29. Kg1 Qd7 30. Kh2 Nh7 31. h4 Qg4 32. Qc1 Bd6 0-1

[Event "DEM U16 2000"]
[Site "Überlingen GER"]
[Date "2000.06.08"]
[Round "7"]
[White "Schlichthaar, Robert"]
[Black "Wehner, Roland"]
[Result "1-0"]
[Termination "normal"]
[Board "8"]
[WhiteElo "1925"]
[BlackElo "1976"]
[PlyCount "65"]
[WhiteFideId "4672763"]
[BlackFideId "4683161"]
[EventCountry "GER"]
[EventRounds "9"]
[EventType "swiss"]
[EventDate "2000.06.03"]

1. e4 e6 2. d3 d5 3. Qe2 Be7 4. Nf3 Nf6 5. g3 O-O 6. Bg2 c5 7. e5 Nfd7 8. O-O
Nc6 9. c3 b5 10. Bf4 b4 11. h4 a5 12. c4 Re8 13. Nbd2 h6 14. Rfe1 Nf8 15. Nf1
Ra7 16. Rad1 Ba6 17. b3 a4 18. Qc2 axb3 19. axb3 Qb6 20. Ne3 Rd8 21. h5 Bb7 22.
Ng4 Rda8 23. Rb1 Ra2 24. Qc1 Nh7 25. cxd5 exd5 26. e6 fxe6 27. Rxe6 Bc8 28. Qe3
Bxe6 29. Qxe6+ Kh8 30. Nfe5 Nxe5 31. Qxb6 Nxg4 32. Bxd5 Nxf2 33. Bxa8 1-0

[Event "DEM U16 2000"]
[Site "Überlingen GER"]
[Date "2000.06.08"]
[Round "7"]
[White "Scalisi, Carmelo"]
[Black "Zolotarew, Pawel"]
[Result "1-0"]
[Termination "normal"]
[Board "9"]
[WhiteElo "1842"]
[BlackElo "1832"]
[PlyCount "77"]
[EventCountry "GER"]
[EventRounds "9"]
[EventType "swiss"]
[EventDate "2000.06.03"]

1. c3 d5 2. g3 Nf6 3. f4 c5 4. Bg2 Bf5 5. d3 Nc6 6. Nd2 d4 7. Qa4 Bd7 8. Ne4
Nxe4 9. Bxe4 e5 10. Qb3 Bd6 11. f5 Na5 12. Qc2 Qc8 13. cxd4 exd4 14. b4 cxb4
15. Qxc8+ Rxc8 16. Bb2 Bc5 17. Nf3 Nc6 18. Rc1 b6 19. O-O Rd8 20. e3 Bd6 21.
Bxc6 Bxc6 22. Rxc6 dxe3 23. Bxg7 Kd7 24. Rxd6+ Kxd6 25. Bxh8 Rxh8 26. Ne1 Rc8
27. Rf3 Rc1 28. Rxe3 a5 29. Kf2 a4 30. Re2 a3 31. Nc2 Rb1 32. Ke3 Rb2 33. Nd4
Ke5 34. Nf3+ Kxf5 35. Rxb2 axb2 36. Nd2 Ke6 37. Kd4 b5 38. Kc5 Ke5 39. d4+ 1-0

[Event "DEM U16 2000"]
[Site "Überlingen GER"]
[Date "2000.06.08"]
[Round "7"]
[White "Kozul, Boris"]
[Black "Kapp, Martin"]
[Result "1-0"]
[Termination "normal"]
[Board "10"]
[WhiteElo "1812"]
[BlackElo "1817"]
[PlyCount "59"]
[EventCountry "GER"]
[EventRounds "9"]
[EventType "swiss"]
[EventDate "2000.06.03"]

1. e4 e6 2. d4 d5 3. Nc3 Bb4 4. e5 c5 5. a3 Bxc3+ 6. bxc3 Qc7 7. a4 Ne7 8. Nf3
Nbc6 9. Ba3 b6 10. Bd3 Bd7 11. O-O c4 12. Be2 O-O-O 13. a5 f6 14. Qb1 Be8 15.
axb6 Qxb6 16. Qa2 a5 17. Rfb1 Qa6 18. Qb2 Rd7 19. Qa2 Bh5 20. Bd6 Rb7 21. Rxb7
Qxb7 22. Rb1 Qa6 23. Qa3 Kd7 24. Qc5 Nc8 25. exf6 gxf6 26. Bg3 a4 27. Ne5+ Nxe5
28. Bxh5 Ng6 29. Qc7+ Ke8 30. Rb8 1-0

[Event "DEM U16 2000"]
[Site "Überlingen GER"]
[Date "2000.06.08"]
[Round "7"]
[White "Buchwald, Stefan"]
[Black "Friedt, Eduard"]
[Result "1/2-1/2"]
[Termination "normal"]
[Board "11"]
[WhiteElo "1610"]
[BlackElo "1633"]
[PlyCount "55"]
[EventCountry "GER"]
[EventRounds "9"]
[EventType "swiss"]
[EventDate "2000.06.03"]

1. e4 c5 2. Nf3 d6 3. d4 cxd4 4. Nxd4 Nf6 5. Nc3 g6 6. Be3 Bg7 7. f3 O-O 8. Qd2
Nc6 9. O-O-O Nxd4 10. Bxd4 Be6 11. Kb1 Qc7 12. g4 Rfc8 13. h4 Qa5 14. Nd5 Qxd2
15. Rxd2 Nxd5 16. Bxg7 Nb4 17. a3 Kxg7 18. axb4 Rc7 19. g5 Bc4 20. Bxc4 Rxc4
21. c3 Rd8 22. Rf1 Rc7 23. e5 d5 24. Rfd1 e6 25. Rd4 Rdc8 26. f4 b5 27. Kc2 Kf8
28. Kb3 1/2-1/2

[Event "DEM U16 2000"]
[Site "Überlingen GER"]
[Date "2000.06.09"]
[Round "8"]
[White "Gasthofer, Alexander"]
[Black "Feige, Manuel"]
[Result "1/2-1/2"]
[Termination "normal"]
[Board "1"]
[WhiteElo "2212"]
[BlackElo "2246"]
[PlyCount "102"]
[WhiteFideId "4655150"]
[BlackFideId "4656350"]
[EventCountry "GER"]
[EventRounds "9"]
[EventType "swiss"]
[EventDate "2000.06.03"]

1. d4 Nf6 2. Nf3 g6 3. g3 Bg7 4. Bg2 O-O 5. O-O d6 6. c4 Nbd7 7. Qc2 e5 8. Rd1
Re8 9. Nc3 c6 10. b3 Qa5 11. a3 Qc7 12. Bb2 Nf8 13. e4 Bg4 14. Ne2 exd4 15.
Nfxd4 Qe7 16. f3 Bd7 17. Nf4 Rad8 18. Re1 Bc8 19. Re2 Qc7 20. Rd1 Qb8 21. Red2
Qc7 22. Kh1 N6d7 23. a4 a5 24. Bc3 Nc5 25. Nde2 Be5 26. Nd3 Nxd3 27. Rxd3 Ne6
28. R3d2 Nc5 29. Nc1 Qb6 30. Bd4 Be6 31. f4 Bxd4 32. Rxd4 Bg4 33. R1d2 Qb4 34.
h3 Bc8 35. Qd1 f5 36. e5 Ne4 37. Bxe4 fxe4 38. Rxd6 Rxd6 39. Rxd6 Bxh3 40. Kh2
Be6 41. Qd2 Qxd2+ 42. Rxd2 Rb8 43. Ne2 b5 44. axb5 cxb5 45. cxb5 Rxb5 46. Rd8+
Kf7 47. Nd4 Rb4 48. Nxe6 Kxe6 49. Ra8 Rxb3 50. Rxa5 Kf5 51. e6+ Kxe6 1/2-1/2

[Event "DEM U16 2000"]
[Site "Überlingen GER"]
[Date "2000.06.09"]
[Round "8"]
[White "Rau, Hannes"]
[Black "Köpke, Christian"]
[Result "1-0"]
[Termination "normal"]
[Board "2"]
[WhiteElo "2227"]
[BlackElo "2164"]
[PlyCount "85"]
[WhiteFideId "4657594"]
[BlackFideId "4655737"]
[EventCountry "GER"]
[EventRounds "9"]
[EventType "swiss"]
[EventDate "2000.06.03"]

1. d4 Nf6 2. c4 g6 3. Nc3 d5 4. Nf3 Bg7 5. Bg5 Ne4 6. cxd5 Nxg5 7. Nxg5 e6 8.
Qd2 exd5 9. Qe3+ Kf8 10. Qf4 Bf6 11. h4 Kg7 12. e3 c6 13. Bd3 h6 14. Nf3 Be6
15. Qg3 Nd7 16. Ne5 Bxe5 17. dxe5 Nc5 18. Bc2 Ne4 19. Bxe4 dxe4 20. O-O Bf5 21.
Qf4 Qe7 22. g4 Be6 23. Nxe4 Qxh4 24. f3 h5 25. Qf6+ Qxf6 26. exf6+ Kh6 27. g5+
Kh7 28. Nc5 Bh3 29. Rfd1 b6 30. Nd3 c5 31. Nf4 Bc8 32. Rd6 Re8 33. Kf2 Kg8 34.
Rad1 Rf8 35. Nd5 Rb8 36. Ne7+ Kh7 37. Nxc8 Rbxc8 38. Rd7 a5 39. R1d6 b5 40. e4
Kg8 41. e5 Rfe8 42. Re7 c4 43. e6 1-0

[Event "DEM U16 2000"]
[Site "Überlingen GER"]
[Date "2000.06.09"]
[Round "8"]
[White "Zentgraf, Robert"]
[Black "Helm, Leonie"]
[Result "0-1"]
[Termination "normal"]
[Board "3"]
[WhiteElo "1744"]
[BlackElo "2157"]
[PlyCount "70"]
[WhiteFideId "4676483"]
[BlackFideId "4656741"]
[EventCountry "GER"]
[EventRounds "9"]
[EventType "swiss"]
[EventDate "2000.06.03"]

1. e4 c5 2. Nf3 Nc6 3. d4 cxd4 4. Nxd4 Qc7 5. c4 Nf6 6. Nc3 Nxe4 7. Nxe4 Qe5 8.
Nb5 Qxe4+ 9. Be2 Qe5 10. f4 Qb8 11. Be3 e6 12. c5 a6 13. Nd6+ Bxd6 14. cxd6 b5
15. Bc5 O-O 16. O-O Nd8 17. f5 f6 18. Bf3 Bb7 19. fxe6 dxe6 20. Bh5 g6 21. Qg4
Kg7 22. Rad1 Bd5 23. Rd2 Nb7 24. b4 Nxc5 25. bxc5 Qa7 26. Rc2 Rac8 27. Rfc1 Bc4
28. Rxc4 bxc4 29. Qxe6 Qxc5+ 30. Kh1 Qxh5 31. d7 Rcd8 32. Qe7+ Kh8 33. Re1 Qd5
34. Qxd8 Rxd8 35. Re8+ Qg8 0-1

[Event "DEM U16 2000"]
[Site "Überlingen GER"]
[Date "2000.06.09"]
[Round "8"]
[White "Balcerak, Philipp"]
[Black "Schlawin, Marlon"]
[Result "0-1"]
[Termination "normal"]
[Board "4"]
[WhiteElo "2073"]
[BlackElo "1870"]
[PlyCount "56"]
[WhiteFideId "4655036"]
[BlackFideId "4675584"]
[EventCountry "GER"]
[EventRounds "9"]
[EventType "swiss"]
[EventDate "2000.06.03"]

1. e4 Nf6 2. e5 Nd5 3. d4 d6 4. Nf3 g6 5. Bc4 Nb6 6. Bb3 Bg7 7. Ng5 e6 8. f4
dxe5 9. fxe5 c5 10. O-O O-O 11. c3 cxd4 12. cxd4 Nc6 13. Nf3 f6 14. exf6 Qxf6
15. Be3 Nd5 16. Bf2 Nf4 17. Nbd2 Qf5 18. Kh1 Qg4 19. Bg3 Nd5 20. Bxd5 exd5 21.
Nb3 Bf5 22. Bd6 Rfe8 23. h3 Qh5 24. Bh2 Be4 25. Ne1 Qxh3 26. Rf4 Qh6 27. Rf2
Rf8 28. Nf3 g5 0-1

[Event "DEM U16 2000"]
[Site "Überlingen GER"]
[Date "2000.06.09"]
[Round "8"]
[White "Jenull, Marco"]
[Black "Schlichthaar, Robert"]
[Result "1-0"]
[Termination "normal"]
[Board "5"]
[WhiteElo "2180"]
[BlackElo "1925"]
[PlyCount "79"]
[WhiteFideId "4651529"]
[BlackFideId "4672763"]
[EventCountry "GER"]
[EventRounds "9"]
[EventType "swiss"]
[EventDate "2000.06.03"]

1. d4 d5 2. c4 e6 3. Nc3 Nf6 4. Bg5 Be7 5. e3 O-O 6. Nf3 Nbd7 7. Qc2 c6 8.
O-O-O dxc4 9. Bxc4 b5 10. Bd3 h6 11. h4 Qa5 12. Kb1 b4 13. Ne2 Ba6 14. Bxa6
Qxa6 15. g4 Qb5 16. Bxf6 Nxf6 17. Ne5 Bd6 18. g5 Bxe5 19. dxe5 Ng4 20. gxh6
Nxh6 21. f4 Nf5 22. Nd4 Nxd4 23. exd4 Rab8 24. Rhg1 b3 25. Qg2 bxa2+ 26. Ka1 g6
27. h5 Qd5 28. Qc2 Qb3 29. Qg2 Qd5 30. Qc2 Qb3 31. Qh2 Kg7 32. hxg6 fxg6 33.
Qg2 Kf7 34. Qxg6+ Ke7 35. Qg5+ Ke8 36. Rd2 Rb7 37. Qg2 Kd7 38. Rc2 Qb5 39. Rc5
Qb6 40. Rh1 1-0

[Event "DEM U16 2000"]
[Site "Überlingen GER"]
[Date "2000.06.09"]
[Round "8"]
[White "Klinger, Sebastian"]
[Black "Nguyen, Hoang"]
[Result "1/2-1/2"]
[Termination "normal"]
[Board "6"]
[WhiteElo "2172"]
[BlackElo "1955"]
[PlyCount "60"]
[WhiteFideId "4667549"]
[EventCountry "GER"]
[EventRounds "9"]
[EventType "swiss"]
[EventDate "2000.06.03"]

1. Nf3 d5 2. d4 Nf6 3. Bf4 e6 4. e3 Be7 5. Bd3 b6 6. c3 O-O 7. Qe2 Bb7 8. Ne5
Nfd7 9. O-O Nxe5 10. Bxe5 Nd7 11. Nd2 f5 12. f4 Nxe5 13. fxe5 Qe8 14. Kh1 h5
15. b4 c6 16. a4 Qg6 17. Nb3 Qh6 18. Rae1 Rad8 19. Nc1 Bh4 20. Rd1 Be7 21. Qf2
Kh8 22. Ne2 Rg8 23. Ra1 h4 24. Rfc1 g5 25. Rf1 Rg7 26. b5 g4 27. Qg1 c5 28. a5
Bg5 29. Nf4 cxd4 30. cxd4 Rdd7 1/2-1/2

[Event "DEM U16 2000"]
[Site "Überlingen GER"]
[Date "2000.06.09"]
[Round "8"]
[White "de Wiljes, Jan-Hendrik"]
[Black "Scalisi, Carmelo"]
[Result "1/2-1/2"]
[Termination "normal"]
[Board "7"]
[WhiteElo "1993"]
[BlackElo "1842"]
[PlyCount "57"]
[EventCountry "GER"]
[EventRounds "9"]
[EventType "swiss"]
[EventDate "2000.06.03"]

1. e4 c6 2. d4 d6 3. Nc3 Nd7 4. Bc4 Ngf6 5. a4 e5 6. Nf3 Be7 7. O-O O-O 8. h3
h6 9. Re1 Re8 10. a5 Rb8 11. d5 cxd5 12. Nxd5 Nc5 13. Be3 b6 14. axb6 axb6 15.
Bxc5 bxc5 16. Nxf6+ Bxf6 17. b3 Be6 18. Bd5 Qd7 19. Ra6 Red8 20. Qd3 Qb5 21.
Rd1 Be7 22. Qxb5 Rxb5 23. Rd3 Bxd5 24. Rxd5 Rb4 25. Nd2 Rd4 26. Rxd4 exd4 27.
Ra5 Bf6 28. f4 Bh4 29. Nf1 1/2-1/2

[Event "DEM U16 2000"]
[Site "Überlingen GER"]
[Date "2000.06.09"]
[Round "8"]
[White "Schaffer, Hendrik"]
[Black "Berrang, Gerritt"]
[Result "1/2-1/2"]
[Termination "normal"]
[Board "8"]
[WhiteElo "2113"]
[BlackElo "1828"]
[PlyCount "47"]
[WhiteFideId "4663080"]
[EventCountry "GER"]
[EventRounds "9"]
[EventType "swiss"]
[EventDate "2000.06.03"]

1. d4 Nf6 2. c4 g6 3. Nc3 Bg7 4. e4 d6 5. Nf3 O-O 6. Be2 c6 7. O-O Nbd7 8. Qc2
e5 9. Rd1 Qc7 10. b3 Ne8 11. dxe5 Nxe5 12. Bb2 Nf6 13. Qd2 Be6 14. Nd4 Ne8 15.
Rf1 c5 16. Nf3 a6 17. Rad1 Nc6 18. Kh1 h6 19. Ne1 Rd8 20. f4 Qc8 21. Nf3 Ne7
22. Nd5 Bxd5 23. Bxg7 Nxg7 24. exd5 1/2-1/2

[Event "DEM U16 2000"]
[Site "Überlingen GER"]
[Date "2000.06.09"]
[Round "8"]
[White "Zolotarew, Pawel"]
[Black "Hintz, Bastian"]
[Result "1-0"]
[Termination "normal"]
[Board "9"]
[WhiteElo "1832"]
[BlackElo "1737"]
[PlyCount "73"]
[EventCountry "GER"]
[EventRounds "9"]
[EventType "swiss"]
[EventDate "2000.06.03"]

1. Nf3 c5 2. g3 g6 3. Bg2 Bg7 4. O-O e6 5. d3 Ne7 6. e4 Nbc6 7. Re1 d6 8. Nbd2
O-O 9. Nf1 Rb8 10. c3 b5 11. Be3 b4 12. d4 bxc3 13. bxc3 cxd4 14. cxd4 d5 15.
e5 Ba6 16. h4 Bxf1 17. Bxf1 Qd7 18. h5 h6 19. Bd3 Nb4 20. Bb1 Rfc8 21. a3 Nbc6
22. Nh4 g5 23. Ng2 Na5 24. f4 gxf4 25. Bxf4 Nb3 26. Ra2 Nc6 27. Be3 f5 28. exf6
Bxf6 29. Qg4+ Kh8 30. Bxh6 Bxd4+ 31. Kh1 Ne5 32. Qf4 Qf7 33. Rxe5 Qxf4 34. Bxf4
Nc1 35. Rc2 Rxc2 36. Bxc2 Rc8 37. Bg6 1-0

[Event "DEM U16 2000"]
[Site "Überlingen GER"]
[Date "2000.06.09"]
[Round "8"]
[White "Wehner, Roland"]
[Black "Kozul, Boris"]
[Result "1/2-1/2"]
[Termination "normal"]
[Board "10"]
[WhiteElo "1976"]
[BlackElo "1812"]
[PlyCount "99"]
[WhiteFideId "4683161"]
[EventCountry "GER"]
[EventRounds "9"]
[EventType "swiss"]
[EventDate "2000.06.03"]

1. e4 Nc6 2. Nf3 Nf6 3. Nc3 e5 4. Bb5 Bb4 5. O-O O-O 6. d3 d6 7. Bg5 Be6 8. Kh1
Ne7 9. Ne2 c6 10. Ba4 Nd7 11. c3 Ba5 12. Ng3 f6 13. Be3 Kh8 14. Bb3 Bxb3 15.
Qxb3 d5 16. Nh4 Bb6 17. Ngf5 Nxf5 18. Nxf5 Bxe3 19. Nxe3 dxe4 20. dxe4 Nc5 21.
Qc4 Qb6 22. Rad1 Rad8 23. Nf5 g6 24. Ne3 Kg7 25. a4 a5 26. h4 h5 27. g3 Na6 28.
Ng2 Qc5 29. Qb3 Qe7 30. Kh2 Nc5 31. Qc4 b5 32. axb5 cxb5 33. Qxb5 Nxe4 34. Ne3
Qa7 35. Rd3 Nd2 36. Rd1 Nf3+ 37. Kh3 Rxd3 38. Rxd3 Rf7 39. Rd8 Qe7 40. Qxa5
Qe6+ 41. Kg2 Qc6 42. Qd5 Qxd5 43. Nxd5 e4 44. c4 Ra7 45. c5 Ra1 46. Ne3 Rg1+
47. Kh3 Rh1+ 48. Kg2 Rh2+ 49. Kf1 Rh1+ 50. Kg2 1/2-1/2

[Event "DEM U16 2000"]
[Site "Überlingen GER"]
[Date "2000.06.09"]
[Round "8"]
[White "Friedt, Eduard"]
[Black "Kapp, Martin"]
[Result "1/2-1/2"]
[Termination "normal"]
[Board "11"]
[WhiteElo "1633"]
[BlackElo "1817"]
[PlyCount "98"]
[EventCountry "GER"]
[EventRounds "9"]
[EventType "swiss"]
[EventDate "2000.06.03"]

1. d4 Nf6 2. c4 g6 3. Nc3 Bg7 4. e4 d6 5. Be2 O-O 6. Nf3 e5 7. d5 Nbd7 8. b4 a5
9. b5 Nc5 10. Nd2 Ne8 11. O-O b6 12. Nb3 f5 13. Nxc5 bxc5 14. Rb1 f4 15. Na4 g5
16. Bg4 Bxg4 17. Qxg4 Nf6 18. Qe2 Qe8 19. Bd2 g4 20. f3 Qg6 21. Nc3 Rab8 22.
Rb2 Bh6 23. Rfb1 gxf3 24. Qxf3 Nd7 25. Na4 Nb6 26. Nxb6 cxb6 27. Re1 Rb7 28.
Bc3 Bg5 29. Kh1 Bh4 30. Rf1 Rbf7 31. Be1 Bg3 32. h3 Qg5 33. Rb3 Kh8 34. Kg1 Rf6
35. Rc3 Kg8 36. Rd3 R8f7 37. Rc3 Bxe1 38. Rxe1 Rg6 39. Rf1 Rfg7 40. Rf2 Qh4 41.
Qe2 Rg3 42. Rxg3 Rxg3 43. Rf3 Qxh3 44. Rxg3+ Qxg3 45. Qh5 f3 46. Qe8+ Kg7 47.
Qe7+ Kg6 48. Qe6+ Kg5 49. Qf5+ Kh6 1/2-1/2

[Event "DEM U16 2000"]
[Site "Überlingen GER"]
[Date "2000.06.10"]
[Round "9"]
[White "Zentgraf, Robert"]
[Black "Rau, Hannes"]
[Result "1/2-1/2"]
[Termination "normal"]
[Board "2"]
[WhiteElo "1744"]
[BlackElo "2227"]
[PlyCount "93"]
[WhiteFideId "4676483"]
[BlackFideId "4657594"]
[EventCountry "GER"]
[EventRounds "9"]
[EventType "swiss"]
[EventDate "2000.06.03"]

1. e4 c5 2. Nf3 d6 3. d4 cxd4 4. Nxd4 Nf6 5. Nc3 a6 6. Be3 Nc6 7. f3 e6 8. Qd2
Be7 9. O-O-O O-O 10. g4 Nxd4 11. Bxd4 b5 12. g5 Nh5 13. Be3 Bb7 14. Ne2 f5 15.
gxf6 Rxf6 16. Bh3 Rxf3 17. Bxe6+ Kh8 18. Rhg1 Bxe4 19. Nd4 Rf6 20. Bg4 Qg8 21.
Bxh5 Qxa2 22. Qc3 d5 23. Qb3 Qa5 24. Kb1 Rc8 25. Bg5 Rc4 26. Bxf6 Bxf6 27. Qg3
Qb6 28. Rgf1 h6 29. Bf3 Rxd4 30. Bxe4 dxe4 31. Rxd4 Qxd4 32. c3 Qc4 33. Re1 b4
34. Qb8+ Kh7 35. Qxb4 Qd3+ 36. Ka2 e3 37. Qg4 Bxc3 38. bxc3 Qc2+ 39. Ka3 Qxc3+
40. Ka4 Qxe1 41. Qf5+ Kg8 42. Qe6+ Kf8 43. Qf5+ Ke7 44. Qc5+ Kd7 45. Qd5+ Kc7
46. Qc5+ Kb7 47. Qd5+ 1/2-1/2

[Event "DEM U16 2000"]
[Site "Überlingen GER"]
[Date "2000.06.10"]
[Round "9"]
[White "Köpke, Christian"]
[Black "Gasthofer, Alexander"]
[Result "1/2-1/2"]
[Termination "normal"]
[Board "4"]
[WhiteElo "2164"]
[BlackElo "2212"]
[PlyCount "71"]
[WhiteFideId "4655737"]
[BlackFideId "4655150"]
[EventCountry "GER"]
[EventRounds "9"]
[EventType "swiss"]
[EventDate "2000.06.03"]

1. e4 d6 2. d4 e5 3. Nc3 exd4 4. Qxd4 Nc6 5. Bb5 Bd7 6. Bxc6 bxc6 7. f4 c5 8.
Qd3 Ne7 9. Nf3 g6 10. O-O Bg7 11. e5 Bf5 12. Qe2 O-O 13. Be3 Rb8 14. b3 Qe8 15.
Rad1 Qc6 16. Qf2 Rfe8 17. h3 Be6 18. g4 Nd5 19. Nxd5 Bxd5 20. c4 Bxf3 21. Qxf3
Qxf3 22. Rxf3 dxe5 23. Bxc5 Rbd8 24. Rxd8 Rxd8 25. fxe5 Bxe5 26. Re3 Bd4 27.
Bxd4 Rxd4 28. Re8+ Kg7 29. Re7 Rd2 30. Rxc7 Rxa2 31. c5 a5 32. Ra7 Rb2 33. Rxa5
Rxb3 34. Kg2 Rc3 35. g5 h6 36. h4 1/2-1/2

[Event "DEM U16 2000"]
[Site "Überlingen GER"]
[Date "2000.06.10"]
[Round "9"]
[White "de Wiljes, Jan-Hendrik"]
[Black "Klinger, Sebastian"]
[Result "1/2-1/2"]
[Termination "normal"]
[Board "5"]
[WhiteElo "1993"]
[BlackElo "2172"]
[PlyCount "46"]
[BlackFideId "4667549"]
[EventCountry "GER"]
[EventRounds "9"]
[EventType "swiss"]
[EventDate "2000.06.03"]

1. e4 e6 2. Nf3 d5 3. Nc3 Nf6 4. e5 Nfd7 5. d4 c5 6. dxc5 Bxc5 7. Bd3 Nc6 8.
Bf4 Qb6 9. O-O Bb4 10. Na4 Qc7 11. a3 Be7 12. Qe2 a6 13. Nc3 Bc5 14. Rae1 Nd4
15. Nxd4 Bxd4 16. Nd1 b5 17. c3 Bc5 18. Qg4 Bf8 19. Qg3 Nc5 20. Bc2 a5 21. Bd2
Ba6 22. b4 Nd7 23. f4 g6 1/2-1/2

[Event "DEM U16 2000"]
[Site "Überlingen GER"]
[Date "2000.06.10"]
[Round "9"]
[White "Scalisi, Carmelo"]
[Black "Schaffer, Hendrik"]
[Result "1/2-1/2"]
[Termination "normal"]
[Board "6"]
[WhiteElo "1842"]
[BlackElo "2113"]
[PlyCount "136"]
[BlackFideId "4663080"]
[EventCountry "GER"]
[EventRounds "9"]
[EventType "swiss"]
[EventDate "2000.06.03"]

1. b3 Nf6 2. Bb2 g6 3. Nf3 Bg7 4. e3 d6 5. d4 O-O 6. Nbd2 Nbd7 7. Bd3 e5 8. O-O
Re8 9. Ng5 h6 10. dxe5 Nxe5 11. Nge4 Nxe4 12. Bxe4 d5 13. Bd3 Nxd3 14. Bxg7
Nxf2 15. Rxf2 Kxg7 16. Qf3 Be6 17. e4 c6 18. Rd1 Qe7 19. Qc3+ Kh7 20. Rf6 Rad8
21. Rdf1 d4 22. Qg3 Kg7 23. Qe5 Kh7 24. Nf3 Bf5 25. exf5 Qxe5 26. Nxe5 Rxe5 27.
Rxf7+ Kg8 28. fxg6 Rd6 29. g7 Rg5 30. R1f6 Rxf6 31. Rxf6 Kxg7 32. Rd6 Rc5 33.
Rxd4 Rxc2 34. a3 Ra2 35. a4 b5 36. Rd7+ Kf6 37. Rxa7 b4 38. Rc7 Ra3 39. Rxc6+
Kg7 40. Rc7+ Kg6 41. Rc6+ Kg7 42. Rb6 Rxb3 43. Kf2 Rb1 44. Ke2 b3 45. Kd3 b2
46. a5 Ra1 47. Rxb2 Rxa5 48. Ke3 Ra4 49. Kf3 Rc4 50. g4 Ra4 51. Rb5 Rc4 52. h4
Ra4 53. Re5 Ra7 54. Kf4 Rf7+ 55. Ke4 Ra7 56. Rd5 Re7+ 57. Re5 Ra7 58. Re6 Ra5
59. Kf4 Ra4+ 60. Kf5 Ra7 61. g5 hxg5 62. hxg5 Ra5+ 63. Re5 Rxe5+ 64. Kxe5 Kg6
65. Kf4 Kg7 66. Kf5 Kf7 67. g6+ Kg7 68. Kg5 Kg8 1/2-1/2

[Event "DEM U16 2000"]
[Site "Überlingen GER"]
[Date "2000.06.10"]
[Round "9"]
[White "Nguyen, Hoang"]
[Black "Balcerak, Philipp"]
[Result "1/2-1/2"]
[Termination "normal"]
[Board "7"]
[WhiteElo "1955"]
[BlackElo "2073"]
[PlyCount "49"]
[BlackFideId "4655036"]
[EventCountry "GER"]
[EventRounds "9"]
[EventType "swiss"]
[EventDate "2000.06.03"]

1. d4 Nf6 2. Nf3 g6 3. g3 Bg7 4. Bg2 O-O 5. O-O d6 6. Re1 Nbd7 7. e4 e5 8. dxe5
dxe5 9. Nc3 c6 10. b3 Qa5 11. Bb2 Re8 12. Qe2 Qc7 13. Rad1 a5 14. a4 b6 15. Ba3
Bf8 16. Bxf8 Nxf8 17. Qd2 Kg7 18. Qd6 Ra7 19. Qxc7 Rxc7 20. Rd6 Ba6 21. Nb1
N6d7 22. Na3 Nc5 23. Bf1 Bxf1 24. Kxf1 Nfd7 25. Nc4 1/2-1/2

[Event "DEM U16 2000"]
[Site "Überlingen GER"]
[Date "2000.06.10"]
[Round "9"]
[White "Buchwald, Stefan"]
[Black "Schlichthaar, Robert"]
[Result "1/2-1/2"]
[Termination "normal"]
[Board "8"]
[WhiteElo "1610"]
[BlackElo "1925"]
[PlyCount "90"]
[BlackFideId "4672763"]
[EventCountry "GER"]
[EventRounds "9"]
[EventType "swiss"]
[EventDate "2000.06.03"]

1. e4 e5 2. Nf3 Nc6 3. Bc4 Bc5 4. c3 Nf6 5. d3 d6 6. O-O O-O 7. Nbd2 Be6 8. h3
d5 9. exd5 Bxd5 10. Re1 Re8 11. Bxd5 Nxd5 12. Nb3 Qd6 13. Nxc5 Qxc5 14. Qe2 f6
15. Be3 Qa5 16. Qc2 Nxe3 17. Rxe3 Kh8 18. a3 Qd5 19. Rae1 Red8 20. Qd2 Kg8 21.
d4 exd4 22. Nxd4 Ne5 23. Qe2 Qd7 24. Nf3 Ng6 25. Qc4+ Kh8 26. Nd4 Ne5 27. Qb3
c5 28. Nf3 Nxf3+ 29. Rxf3 Re8 30. Rfe3 Rxe3 31. Rxe3 Rd8 32. Qe6 Qd1+ 33. Re1
Qh5 34. Qe7 Rb8 35. Qc7 Re8 36. Rxe8+ Qxe8 37. Qxb7 h6 38. Qa6 Qe1+ 39. Qf1 Qd2
40. Qb1 a5 41. c4 Qd4 42. Qc2 Kg8 43. Qe2 Kh7 44. Kf1 Qf4 45. g3 Qd4 1/2-1/2

[Event "DEM U16 2000"]
[Site "Überlingen GER"]
[Date "2000.06.10"]
[Round "9"]
[White "Berrang, Gerritt"]
[Black "Zolotarew, Pawel"]
[Result "1/2-1/2"]
[Termination "normal"]
[Board "9"]
[WhiteElo "1828"]
[BlackElo "1832"]
[PlyCount "45"]
[EventCountry "GER"]
[EventRounds "9"]
[EventType "swiss"]
[EventDate "2000.06.03"]

1. e4 e6 2. d4 d5 3. exd5 exd5 4. Nf3 Bd6 5. Bd3 Ne7 6. O-O Nbc6 7. b3 Bg4 8.
Bb2 Nb4 9. Be2 a5 10. a3 Na6 11. c4 c6 12. Nc3 O-O 13. h3 Bh5 14. cxd5 Nxd5 15.
Nxd5 cxd5 16. Ne5 Bxe2 17. Qxe2 g6 18. Nd3 Qe7 19. Qxe7 Bxe7 20. Nf4 Rfd8 21.
Rfe1 Kg7 22. Re2 Nc7 23. Rae1 1/2-1/2